|
|
|
|
| LEADER |
00000nam0a2200000 4500 |
| 001 |
66255 |
| 005 |
20231031071345.0 |
| 035 |
|
|
|a (RuTPU)RU\TPU\book\70405
|
| 090 |
|
|
|a 66255
|
| 100 |
|
|
|a 20040803d1978 k y0rusy50 ca
|
| 101 |
0 |
|
|a rus
|
| 102 |
|
|
|a RU
|
| 105 |
|
|
|a a z 001zy
|
| 200 |
1 |
|
|a Геофизические методы определения параметров нефтегазовых коллекторов
|e (При подсчете запасов и проектировании разработки месторождений)
|f Б. Ю. Вендельштейн, Р. А. Резванов
|
| 210 |
|
|
|a Москва
|c Недра
|d 1978
|
| 215 |
|
|
|a 318 с.
|c ил.
|
| 320 |
|
|
|a Библиогр.: с. 311-316.
|
| 610 |
1 |
|
|a скважины
|
| 610 |
1 |
|
|a нефтяные скважины
|
| 610 |
1 |
|
|a газовые скважины
|
| 610 |
1 |
|
|a каротаж
|
| 610 |
1 |
|
|a коллекторы
|
| 610 |
1 |
|
|a геофизические методы
|
| 610 |
1 |
|
|a параметры
|
| 610 |
1 |
|
|a запасы
|
| 610 |
1 |
|
|a подсчет
|
| 610 |
1 |
|
|a проектирование
|
| 675 |
|
|
|a 553.98
|v 3
|
| 700 |
|
1 |
|a Вендельштейн
|b Б. Ю.
|g Борис Юрьевич
|
| 701 |
|
1 |
|a Резванов
|b Р. А.
|g Рашит Ахмаевич
|
| 801 |
|
1 |
|a RU
|b 63413507
|c 20040803
|g PSBO
|
| 801 |
|
2 |
|a RU
|b 63413507
|c 20090330
|g PSBO
|
| 900 |
|
|
|a Геофизические исследования скважин
|
| 942 |
|
|
|c BK
|